111 digital and linear IC projects
Na minha lista:
| Autor principal: | |
|---|---|
| Formato: | Livro |
| Idioma: | Undetermined |
| Publicado em: |
Blue Ridge Summit
TAB Books
1975
|
| Assuntos: | |
| Tags: |
Adicionar Tag
Sem tags, seja o primeiro a adicionar uma tag!
|
| Thư viện lưu trữ: | Trung tâm Học liệu Trường Đại học Cần Thơ |
|---|
| LEADER | 00517nam a2200181Ia 4500 | ||
|---|---|---|---|
| 001 | CTU_82674 | ||
| 008 | 210402s9999 xx 000 0 und d | ||
| 082 | |a 621.381 | ||
| 082 | |b T883 | ||
| 100 | |a Tuite, Don | ||
| 245 | 0 | |a 111 digital and linear IC projects | |
| 245 | 0 | |c Don Tuite | |
| 260 | |a Blue Ridge Summit | ||
| 260 | |b TAB Books | ||
| 260 | |c 1975 | ||
| 650 | |a Electronic apparatus and appliances,Integrated circuits | ||
| 904 | |i QHieu(sửa) | ||
| 980 | |a Trung tâm Học liệu Trường Đại học Cần Thơ | ||